Thơ Trần Đăng Khoa Tinh tuyển ( 1966-2000 )

Spremljeno u:
Bibliografski detalji
Glavni autor: Trần Đăng Khoa
Format: Knjiga
Jezik:Vietnamese
Izdano: H. Hà Nội 2001
Teme:
Oznake: Dodaj oznaku
Bez oznaka, Budi prvi tko označuje ovaj zapis!
Thư viện lưu trữ: Mạng thư viện Đại học Đà Nẵng
LEADER 01100nam a2200349 4500
001 000005478
003 1622
005 20120511100515.0
008 110816s2001 viesd
020 |c 20000đ 
041 0 |a vie 
082 |a 895.9221  |b TR-K 
100 0 |a Trần Đăng Khoa 
245 0 |a Thơ Trần Đăng Khoa  |b Tinh tuyển ( 1966-2000 )  |c Trần Đăng Khoa 
260 |a H.  |b Hà Nội  |c 2001 
300 |a 210 tr  |c 19 cm 
653 |a Văn học hiện đại 
653 |a Việt Nam 
653 |a Thơ 
653 |a Tinh tuyển 
700 |a Trần Đăng Khoa 
910 |a Nguyễn Thị Kim Oanh  |d 16/08/2011 
OWN |a LSP 
AVA |a UDN50  |b LSP  |d 895.9221 TR-K  |e available  |t Error 5001 Not defined in file expand_doc_bib_avail.  |f 5  |g 0  |h N  |i 0  |k 1 
999 |a From the UDN01 
AVA |a UDN50  |b LSP  |d 895.9221 TR-K  |e available  |t Error 5001 Not defined in file expand_doc_bib_avail.  |f 5  |g 0  |h N  |i 0  |k 1 
TYP |a Monograph 
TYP |a Printed language 
980 |a Mạng thư viện Đại học Đà Nẵng